Statistics for All Romance Languages (Ethnolouge)

Click here to take the quiz!

General Stats

  • This quiz has been taken 277 times
  • The average score is 28 of 47

Answer Stats

Where it is SpokenLanguage% Correct
United StatesCajun French
96%
France, Mali, Algeria, ectFrench
96%
Italy, Monaco, Switzerland, ectItalian
95%
ItalyJudeo-Italian
95%
PeruCharapa Spanish
93%
SpainJudeo-Spanish
93%
Romania, MoldovaRomanian
93%
Spain, United States, Mexico, ectSpanish
93%
Spain, Andorra, FranceCatalan
92%
Portugal, Angola, Brazil, ectPortuguese
92%
ItalySicilian
81%
SpainGalician
79%
SwitzerlandRomansh
79%
ItalyCampidanese Sardinian
77%
ItalyLogudorese Sardinian
77%
ItalySardinian
77%
France, SpainOccitan
74%
ItalyVenetian
74%
France, ItalyCorsican
71%
ItalyNeapolitan
66%
SpainAragonese
65%
BelgiumWalloon
65%
ItalyLombard
63%
North Macedonia, Greece, AlbaniaAromanian
62%
ItalyLadin
62%
ItalyPiedmontese
59%
SpainAsturian
58%
Italy, SloveniaFriulian
58%
ItalyLigurian
57%
PortugalMirandese
56%
SpainExtremaduran
49%
ItalyEmilian
44%
FrancePicard
43%
ItalyRomagnol
38%
SpainLadino
37%
Croatia, SloveniaIstroromanian
36%
CroatiaIstriot
34%
GreeceMeglenoromanian
29%
FranceArpitan
27%
Jersey (UK)Jerriais
27%
SpainCantabrian
26%
SpainFala
24%
ItalySassarese
22%
ItalyGallurese
12%
ItalyNapoletano-Calabrese
9%
PortugalMinderico
6%
FranceShuadit
6%

Score Distribution

Percentile by Number Answered

Percent of People with Each Score

Your Score History

You have not taken this quiz